Words Containing 'Ace' - Statistics

General Stats
  • This quiz has been taken 26 times
  • The average score is 8 of 15
Answer Stats
Hint Answer % Correct
Contains your eyes and mouth Face
100%
Where kings and queens live Palace
96%
Large ring worn on the neck Necklace
87%
It leads to the chimney Fireplace
70%
Stick with spikes attached to it Mace
61%
Nail polisher remover Acetone
57%
To damage the appearance Deface
57%
The outer layer of an object Surface
57%
Style of drawing for beginners Trace
57%
Type of computer Acer
43%
To swap one thing for another Replace
43%
To do or to make in Spanish Hacer
35%
Empire that conquered Persia Macedonian
26%
Running tests in school Pacer
13%
Painkiller medication Acetaminophin
4%
No matching quizzes found
Score Distribution
Percent of People with Each Score
Percentile by Number Answered
Your Score History
You have not taken this quiz